000 00688nam a22001937a 4500
999 _c15682
_d15682
003 AR-CdUCM
008 190429b ||||| |||| 00| 0 spa d
040 _aMUNICIPALIDAD PROVINCIAL DEL CUSCO
_cBIBLIOTECA MUNICIPAL DEL CUSCO
082 _a985.61 /
_bP78
100 _aPortillo, Maria del Carmen
_95696
245 _aCusco: Porvenir de una región :
_bPropuestas para un debate /
260 _aCusco :
_bBartolome de las casa,
_c1982.
300 _a30 paginas ;
_c20 cm.
505 _aContenido :La región cusqueña --El espacio regional --La cuestión del centralismo /
650 _aCusco
_9772
650 _aCentralismo
_94653
942 _2ddc
_cLIBROS
945 _arjall
_d2019-04-29